Waste paper? (Record no. 117435)

MARC details
000 -LEADER
fixed length control field 00945cam a2200253 4500
001 - CONTROL NUMBER
control field ABS67865
008 - FIXED-LENGTH DATA ELEMENTS--GENERAL INFORMATION
fixed length control field 040601n2004 000 0 eng u
035 ## - SYSTEM CONTROL NUMBER
System control number (Sirsi) u126356
100 ## - MAIN ENTRY--PERSONAL NAME
Personal name Gretton, G.
245 ## - TITLE STATEMENT
Title Waste paper?
260 ## - PUBLICATION, DISTRIBUTION, ETC.
Date of publication, distribution, etc. 2004
490 ## - SERIES STATEMENT
Series statement Journal of the Law Society of Scotland
Volume/sequential designation 49(5) May 2004, 54-57(4)
520 ## - SUMMARY, ETC.
Summary, etc. Investigates attitudes in Scotland towards the introduction of automated registration of title to land. Looks at existing conveyancing procedures and examines what legislative changes would be required to implement a paperless electronic communications system such as an Electronic Communications Act 2000 s8 order.
590 ## - LOCAL NOTE (RLIN)
Local note ABS
590 ## - LOCAL NOTE (RLIN)
Local note ABS
650 ## - SUBJECT ADDED ENTRY--TOPICAL TERM
Topical term or geographic name entry element SCOTLAND
650 ## - SUBJECT ADDED ENTRY--TOPICAL TERM
Topical term or geographic name entry element LAND REGISTRATION
650 ## - SUBJECT ADDED ENTRY--TOPICAL TERM
Topical term or geographic name entry element ELECTRONIC COMMUNICATIONS ACT 2000 S8
690 ## - LOCAL SUBJECT ADDED ENTRY--TOPICAL TERM (OCLC, RLIN)
Topical term or geographic name as entry element PROPERTY AND LAND LAW
700 ## - ADDED ENTRY--PERSONAL NAME
Personal name Rennie, R.
700 ## - ADDED ENTRY--PERSONAL NAME
Personal name Paisley, R.
700 ## - ADDED ENTRY--PERSONAL NAME
Personal name Brymer, S.
942 ## - ADDED ENTRY ELEMENTS (KOHA)
Suppress in OPAC 0
Holdings
Withdrawn status Lost status Source of classification or shelving scheme Damaged status Not for loan Home library Current library Shelving location Date acquired Total Checkouts Full call number Barcode Date last seen Copy number Price effective from Koha item type
    Dewey Decimal Classification     London London Journal article 01/06/2004   ABS67865 126356-1001 06/08/2019 1 06/08/2019 Journal article